| 000 | 00478nam a22001697a 4500 | ||
|---|---|---|---|
| 003 | BD-ChCU | ||
| 005 | 20260126120420.0 | ||
| 008 | 260126b bg ||||| |||| 00| 0 ben d | ||
| 040 | _cBD-ChCU | ||
| 082 | _a297.01 SAS | ||
| 100 |
_aSyed Shaikh M. _919690 |
||
| 245 |
_aStudies in Muslim philosophy ./ _cM. Shaikh Syed . |
||
| 260 |
_aLahore : _bPakistan philosophical Congress _cC 1962 |
||
| 300 | _axi , 235p. | ||
| 650 | 0 |
_aIslam - Philosophy . _919691 |
|
| 942 |
_2ddc _cBK _n0 |
||
| 999 |
_c111277 _d111277 |
||